Методы и технологии получения радиофармпрепаратов: учебное пособие

Podrobná bibliografie
Hlavní autor: Скуридин В. С. Виктор Сергеевич
Korporativní autor: Национальный исследовательский Томский политехнический университет (ТПУ) Физико-технический институт (ФТИ) Кафедра прикладной физики (№ 12) (ПФ)
Shrnutí:Заглавие с титульного экрана
Электронная версия печатной публикации
В пособии рассмотрены основы современных методов получения радионуклидов и радиофармацевтических препаратов (РФП) для медицинской диагностики и радиотерапии. Пособие подготовлено на основе работ ведущих специалистов России в области радиофармацевтической химии и ядерной медицины, а также оригинальных исследований по созданию малоотходных технологий производства РФП на исследовательском реакторе ИРТ-Т и циклотроне Р-7М ФТИ ТПУ. Предназначено для ознакомления студентов, магистрантов и научных сотрудников физических и химических специальностей с особенностями производства РФП и требованиями, предъявляемыми к радиофармацевтической продукции.
Режим доступа: из корпоративной сети ТПУ
Jazyk:ruština
Vydáno: Томск, Изд-во ТПУ, 2013
Témata:
On-line přístup:http://www.lib.tpu.ru/fulltext2/m/2014/m169.pdf
Médium: MixedMaterials Elektronický zdroj Kniha
KOHA link:https://koha.lib.tpu.ru/cgi-bin/koha/opac-detail.pl?biblionumber=263943

MARC

LEADER 00000nlm0a2200000 4500
001 263943
005 20250825100530.0
035 |a (RuTPU)RU\TPU\book\286934 
090 |a 263943 
100 |a 20140614d2013 m y0rusy50 ca 
101 0 |a rus 
102 |a RU 
105 |a a j 001zy 
135 |a drcn ---uucaa 
181 0 |a i  
182 0 |a b 
200 1 |a Методы и технологии получения радиофармпрепаратов  |e учебное пособие  |f В. С. Скуридин  |g Национальный исследовательский Томский политехнический университет (ТПУ) 
203 |a Текст  |c электронный 
210 |a Томск  |c Изд-во ТПУ  |d 2013 
300 |a Заглавие с титульного экрана 
300 |a Электронная версия печатной публикации 
330 |a В пособии рассмотрены основы современных методов получения радионуклидов и радиофармацевтических препаратов (РФП) для медицинской диагностики и радиотерапии. Пособие подготовлено на основе работ ведущих специалистов России в области радиофармацевтической химии и ядерной медицины, а также оригинальных исследований по созданию малоотходных технологий производства РФП на исследовательском реакторе ИРТ-Т и циклотроне Р-7М ФТИ ТПУ. Предназначено для ознакомления студентов, магистрантов и научных сотрудников физических и химических специальностей с особенностями производства РФП и требованиями, предъявляемыми к радиофармацевтической продукции. 
333 |a Режим доступа: из корпоративной сети ТПУ 
337 |a Adobe Reader 
452 1 |0 (RuTPU)RU\TPU\book\285469  |t Методы и технологии получения радиофармпрепаратов  |o учебное пособие  |f В. С. Скуридин  |g Национальный исследовательский Томский политехнический университет (ТПУ)  |c Томск  |n Изд-во ТПУ  |d 2013  |p 139 с.  |a Скуридин, Виктор Сергеевич 
606 1 |a Фармацевтическая промышленность  |2 stltpush  |3 (RuTPU)RU\TPU\subj\31885  |9 54619 
610 1 |a электронный ресурс 
610 1 |a учебные пособия 
610 1 |a труды учёных ТПУ 
610 1 |a радиоизотопы 
610 1 |a изображения 
610 1 |a сцинтиграфия 
610 1 |a томографы 
610 1 |a радиодиагностические приборы 
610 1 |a ядерные реакции 
610 1 |a радионуклиды 
610 1 |a получение 
610 1 |a циклотронные радионуклиды 
610 1 |a технеций 
610 1 |a качество 
610 1 |a контроль 
610 1 |a лекарственные средства 
610 1 |a радиофармацевтические препараты 
675 |a 615.84(075.8)  |v 3 
675 |a 661.12(075.8)  |v 3 
700 1 |a Скуридин  |b В. С.  |c физик, специалист в области атомной энергетики  |c профессор Томского политехнического университета, доктор технических наук  |f 1946-  |g Виктор Сергеевич  |3 (RuTPU)RU\TPU\pers\27551  |9 12755 
712 0 2 |a Национальный исследовательский Томский политехнический университет (ТПУ)  |b Физико-технический институт (ФТИ)  |b Кафедра прикладной физики (№ 12) (ПФ)  |3 (RuTPU)RU\TPU\col\18729 
801 1 |a RU  |b 63413507  |c 20140614 
801 2 |a RU  |b 63413507  |c 20160617  |g RCR 
856 4 |u http://www.lib.tpu.ru/fulltext2/m/2014/m169.pdf 
942 |c CF